000 00582nam a2200205Ia 4500
005 20250326141853.0
008 250326s9999 xx 000 0 und d
020 _a0-07-100213-8
037 _aTextbook
040 _aFMSL
_beng
_cFMSL
041 _aeng
_2eng
084 _aX:51 M8
_qFMSL
100 _aMeyer Warren G
_9745201
245 0 _aRetail marketing : for employees, managers, and entrepreneurs
_cMeyer Warren G
250 _a8
260 _aNew York
_bNew York, Mc Graw Hill
_c1988
300 _a580p
942 _cTB
_hX:51 M8
999 _c1292370
_d1292370